Killings at Cool Springs /

Saved in:
Bibliographic Details
Main Author: Fulman, Al
Format: Book
Language:English
Published: London : Robert Hale, 1964.
LEADER 00678nam a2200193 a 4500
001 c000276531
003 CARM
005 20071116141924.0
008 071116s1964 enk 000 1 eng d
019 1 |a 50074864  |5 LACONCORD2021 
035 |a (OCoLC)30218771  |5 LACONCORD2021 
040 |a VCAV  |b eng  |c VCAV 
100 1 |a Fulman, Al 
245 1 0 |a Killings at Cool Springs /  |c by Al Fulman. 
260 |a London :  |b Robert Hale,  |c 1964. 
300 |a 157 p. 
852 8 |b CARM  |h A1:AM20A0  |i A04968  |p 0395766  |f BK 
999 f f |i 506435f3-ce35-5cc6-b104-e10b7c08bdb1  |s cc33cf9f-a092-5a01-b3b8-0677d698f35d 
952 f f |p Can circulate  |a CAVAL  |b CAVAL  |c CAVAL  |d CARM 1 Store  |e A04968  |f A1:AM20A0  |h Other scheme  |i book  |m 0395766